[Event "Praia do Morro Guarapari op"]
[Site "Praia do Morro"]
[Date "2017.04.15"]
[Round "3"]
[White "De Sousa, Jefferson Pedro"]
[Black "Leao, Tales Braghini"]
[Result "0-1"]
[WhiteElo "1822"]
[BlackElo "1988"]
[PlyCount "98"]
[EventDate "2017.04.14"]
[EventType "swiss"]
[EventRounds "6"]
[EventCountry "BRA"]
[SourceTitle "CBM 177 Extra"]
[Source "ChessBase"]
[SourceDate "2017.04.27"]
[SourceVersion "1"]
[SourceVersionDate "2017.04.27"]
[SourceQuality "1"]

1. e4 c5 2. Nf3 e6 3. d4 cxd4 4. Nxd4 Nc6 5. Nc3 Qc7 6. Be2 a6 7. 0-0 Nf6 8. h3 Bb4 9. Nxc6 bxc6 10. Bd3 d5 11. exd5 cxd5 12. Qf3 Bb7 13. Bg5 Be7 14. Qe2 0-0 15. Rfe1 Rfe8 16. Kh1 Qb6 17. Rab1 Bc6 18. a3 Qb7 19. f3 d4 20. Bxf6 Bxf6 21. Ne4 Bh4 22. Nd6 Qe7 23. Nxe8 Bxe1 24. Rxe1 Qxe8 25. Bxa6 Qb8 26. b3 Qd6 27. Bd3 Rxa3 28. Qe5 Qxe5 29. Rxe5 Bd5 30. Re1 Kf8 31. Rb1 Ke7 32. Kg1 g6 33. Kf2 Kd6 34. h4 e5 35. g4 Kc5 36. Ke2 Kb4 37. Be4 Bxe4 38. fxe4 Kc3 39. Kd1 Ra2 40. Rc1 d3 41. cxd3+ Kxd3 42. Ke1 Kxe4 43. g5 Kd3 44. Rc7 e4 45. Rxf7 Ra1+ 46. Kf2 e3+ 47. Kg2 e2 48. Rd7+ Kc3 49. Rc7+ Kxb3 0-1

[Event "Praia do Morro Guarapari op"]
[Site "Praia do Morro"]
[Date "2017.04.14"]
[Round "1"]
[White "De Sousa, Jefferson Pedro"]
[Black "Cantarino Neto, Mario Ribeiro"]
[Result "0-1"]
[WhiteElo "1822"]
[BlackElo "2006"]
[PlyCount "140"]
[EventDate "2017.04.14"]
[EventType "swiss"]
[EventRounds "6"]
[EventCountry "BRA"]
[SourceTitle "CBM 177 Extra"]
[Source "ChessBase"]
[SourceDate "2017.04.27"]
[SourceVersion "1"]
[SourceVersionDate "2017.04.27"]
[SourceQuality "1"]

1. e4 e5 2. Nf3 Nc6 3. Bb5 a6 4. Ba4 Nf6 5. 0-0 Be7 6. Re1 b5 7. Bb3 d6 8. c3 0-0 9. h3 Na5 10. Bc2 c5 11. d3 Nc6 12. Nbd2 Re8 13. Nf1 h6 14. b3 Bf8 15. Bb2 Bb7 16. Ne3 d5 17. exd5 Nxd5 18. Nxd5 Qxd5 19. c4 Qd6 20. a4 b4 21. Qe2 Nd4 22. Bxd4 exd4 23. Qxe8 Rxe8 24. Rxe8 Bc6 25. Re2 Qg6 26. Kf1 Bd6 27. Ne1 Qf6 28. Rd1 Qf4 29. f3 Qg3 30. Re4 f5 31. Re2 Bf4 32. Rf2 Be3 33. Rdd2 f4 34. Bd1 Bd7 35. Bc2 Kf7 36. Bd1 Kf6 37. Ra2 Qh2 38. Ke2 Bxh3 39. Kf1 Bxf2 40. Rxf2 Qh1+ 41. Ke2 Bf5 42. Kd2 Qg1 43. Re2 g5 44. Re8 Be6 45. Be2 Qe3+ 46. Kd1 Qe5 47. Ra8 Qd6 48. a5 h5 49. Kd2 g4 50. Kd1 Kg5 51. Kd2 Kh4 52. Rh8 Qe5 53. Rh7 Kg3 54. Kd1 Kf2 55. Nc2 Qxe2+ 56. Kc1 Kxg2 57. Rxh5 Kxf3 58. Rxc5 g3 59. Nxd4+ Ke3 60. Nxe2 Kxe2 61. Re5+ Kf2 62. Rxe6 g2 63. Rg6 g1Q+ 64. Rxg1 Kxg1 65. Kd2 f3 66. Ke3 f2 67. Kd4 f1Q 68. Kc5 Qf8+ 69. Kd5 Qd8+ 70. Kc6 Qxa5 0-1